MARC details
| 000 -CABECERA |
| campo de control de longitud fija |
03536cam a22003138i 4500 |
| 001 - NÚMERO DE CONTROL |
| campo de control |
22692662 |
| 005 - FECHA Y HORA DE LA ÚLTIMA TRANSACCIÓN |
| campo de control |
20250915110027.0 |
| 008 - DATOS DE LONGITUD FIJA--INFORMACIÓN GENERAL |
| campo de control de longitud fija |
220713s2023 enk b 001 0 eng |
| 010 ## - NÚMERO DE CONTROL DE LA BIBLIOTECA DEL CONGRESO |
| Número de control de LC |
2022032093 |
| 020 ## - NÚMERO INTERNACIONAL ESTÁNDAR DEL LIBRO |
| Número Internacional Estándar del Libro |
9781108841870 |
| Información calificativa |
(hardback) |
| 020 ## - NÚMERO INTERNACIONAL ESTÁNDAR DEL LIBRO |
| ISBN cancelado o inválido |
9781108899956 |
| Información calificativa |
(ebook) |
| 035 ## - NÚMERO DE CONTROL DEL SISTEMA |
| Número de control de sistema |
22692662 |
| 040 ## - FUENTE DE LA CATALOGACIÓN |
| Centro catalogador/agencia de origen |
DLC |
| Lengua de catalogación |
eng |
| Normas de descripción |
rda |
| Centro/agencia transcriptor |
DLC |
| Centro/agencia modificador |
DLC |
| 042 ## - CÃDIGO DE AUTENTICACIÃN |
| Código de autenticación |
pcc |
| 050 00 - SIGNATURA TOPOGRÁFICA DE LA BIBLIOTECA DEL CONGRESO |
| Número de clasificación |
K3850 |
| Número de documento/Ítem |
.I587 2023 |
| 245 00 - MENCIÓN DE TÍTULO |
| Título |
Intersections between corporate and antitrust law |
| Mención de responsabilidad, etc. |
/ edited by Marco Corradi, ESSEC Business School; Julian Nowag, Lund University. |
| 264 #1 - PRODUCCIÓN, PUBLICACIÓN, DISTRIBUCIÓN, FABRICACIÓN Y COPYRIGHT |
| Producción, publicación, distribución, fabricación y copyright |
Cambridge, United Kingdom ; |
| -- |
New York, NY : |
| Nombre del de productor, editor, distribuidor, fabricante |
Cambridge University Press, |
| Fecha de producción, publicación, distribución, fabricación o copyright |
2023. |
| 490 0# - MENCIÓN DE SERIE |
| Mención de serie |
Global competition law and economics policy |
| 504 ## - NOTA DE BIBLIOGRAFÍA, ETC. |
| Nota de bibliografía, etc. |
Includes bibliographical references and index. |
| 505 0# - NOTA DE CONTENIDO CON FORMATO |
| Nota de contenido con formato |
Corporate law, antitrust, and the history of democratic control of the balance of power — Michelle Meager (University College London) — ESG policies at the intersection between competition and corporate law — Marco Corradi and Julian Nowag (Lund University) — Not for profit organisations and competition law — Okeoghene Odudu (Cambridge University) — The boundaries of the firm and the reach of competition law : corporate group liability and sanctioning in the EU and the US — Carsten Koenig (University of Collogne) — Piercing the corporate veil : the German Sausage Saga — Mareike Walter and Martin Schunke (Hogan Lovells) — Chaebol regulation in Korea and the relationship between competition and company law — Myungsu Hong (Myongji University) — Antitrust by interior means — Ramsi Woodcock (University of Kentucky) — Directors' duty of loyalty : and competition — Marco Corradi (EESEC) and Julian Nowag (Lund University) — Horizontal directors in the US Revisited — Yaron Nili (University of Wisconsin) — Interlocking directorates in Europe - an enforcement gap? — Florence Thepot (University of Glasgow) — The curious case of Italian interlocking directorates — Federico Ghezzi and Chiara Picciau (Bocconi Business School) — Conceptual breakthroughs on common ownership and competition : a framework for evaluating policy — Martin Schmalz (Oxford University) — Does common ownership explain higher oligopolistic profits? — Edward Rock & Daniel Rubinfeld (New York University) — Common ownership by investment management corporations and EU policies : please, play puzzles and not Mikado! — Marco Corradi (ESSEC) — Common ownership and minority shareholding at the intersection of competition and corporate law : looking through the past to return to the future? — Anna Tzanaki (Lund University) — Competition law, big tech and financialisation : the dark side of the moon — Ioannis Lianos and Andrew McLean (University College London). |
| 520 ## - SUMARIO, ETC. |
| Sumario, etc. |
"Corporate and antitrust legislation is complex and covers a vast array of policy interests that may often be perceived as inextricable. This book opens a window to the complex interaction among these two traditionally separated but highly interconnected fields of policy making focusing on the most recent trending topics"-- |
| Fuente proveedora |
Provided by publisher. |
| 650 #0 - PUNTO DE ACCESO ADICIONAL DE MATERIA--TÉRMINO DE MATERIA |
| Término de materia o nombre geográfico como elemento de entrada |
Antitrust law. |
| 9 (RLIN) |
4114 |
| 650 #0 - PUNTO DE ACCESO ADICIONAL DE MATERIA--TÉRMINO DE MATERIA |
| Término de materia o nombre geográfico como elemento de entrada |
Corporation law. |
| 9 (RLIN) |
5125 |
| 700 1# - ENTRADA AGREGADA--NOMBRE PERSONAL |
| Nombre de persona |
Corradi, Marco, |
| Fechas asociadas al nombre |
1977- |
| Término indicativo de función/relación |
editor. |
| 700 1# - ENTRADA AGREGADA--NOMBRE PERSONAL |
| Nombre de persona |
Nowag, Julian, |
| Fechas asociadas al nombre |
1981- |
| Término indicativo de función/relación |
editor. |
| 906 ## - ELEMENTOS DE DATOS F LOCAL, LDF (RLIN) |
| a |
7 |
| b |
rip |
| c |
orignew |
| d |
1 |
| e |
ecip |
| f |
20 |
| g |
y-gencatlg |
| 942 ## - ELEMENTOS DE ENTRADA AGREGADA (KOHA) |
| Fuente del sistema de clasificación o colocación |
Clasificación Decimal Dewey |